000 01077nam a22002417a 4500
999 _c63851
_d63851
005 20240530110702.0
008 171225s2015 ua a f b 000 0dara d
017 _a2015/10309
_bمصر. دار الكتب
020 _a9789779103280
040 _aEG-CaGPL
_cEG-CaGPL
082 0 4 _221
_a962.06
_bق/خ ت
100 0 _aخالد ابوالليل
245 1 2 _aالتاريخ الشعبى لمصر فى فترة الحكم الناصرى :
_bرؤية جديدة من وجهة نظر المهمشين /
_cخالد ابوالليل .
250 _aط.1
260 _aالقاهرة :
_bالهيئة المصرية العامة للكتاب ،
_c2015 .
300 _a794 ص. ؛
_c24 سم.
650 0 7 _2qrmak
_aحرب الاستنزاف
650 0 7 _2qrmak
_aالاعتداء الثلاثى على مصر ( 1956 م )
650 0 7 _2qrmak
_aالنزاع العربى الاسرائيلى
651 0 7 _2qrmak
_aمصر
_xتاريخ
_yالعصر الحديث
_yجمال عبدالناصر ( 1954 - 1970 م )
942 _2ddc
_cBK